| 000 | 01413cam a2200349 a 4500 | ||
|---|---|---|---|
| 999 |
_c16906 _d16906 |
||
| 001 | 12980438 | ||
| 003 | EG-ScBUE | ||
| 005 | 20210314112823.0 | ||
| 008 | 021025r20062003enk f b 001 0 eng d | ||
| 020 | _a9780521277327 | ||
| 020 | _a0521277329 (pbk.) | ||
| 040 |
_aDLC _beng _erda _cDLC _dDLC _dEG-ScBUE |
||
| 082 | 0 | 4 |
_a822.91409358 _bPAT _222 |
| 100 | 1 |
_aPatterson, Michael, _eauthor. _930733 |
|
| 245 | 1 | 0 |
_aStrategies of political theatre : _bpost-war British playwrights / _cMichael Patterson. |
| 250 | _aReprinted edition. | ||
| 264 | 1 |
_aCambridge _bCambridge University Press, _c2006. |
|
| 300 |
_axviii, 232 pages ; _c24 cm |
||
| 336 |
_2rdacontent _atext _btxt |
||
| 337 |
_2rdamedia _aunmediated _bn |
||
| 338 |
_2rdacarrier _avolume _bnc |
||
| 504 | _aIncludes bibliographical references and index. | ||
| 650 | 7 |
_aEnglish drama _y20th century _xHistory and criticism. _2BUEsh _930735 |
|
| 650 | 7 |
_aPolitics and literature _zGreat Britain _xHistory _y20th century. _2BUEsh _930736 |
|
| 650 | 7 |
_aTheater _xPolitical aspects _zGreat Britain _xHistory _y20th century. _2BUEsh _930737 |
|
| 650 | 7 |
_aPolitical plays, English _xHistory and criticism. _2BUEsh _930738 |
|
| 651 | _2BUEsh | ||
| 653 |
_cJuly2012 _bHHUUEENN |
||
| 655 |
_vReading book _934232 |
||
| 942 |
_2ddc _cBB |
||